[Event "31st Klatovy A 2025"]
[Site "Klatovy CZE"]
[Date "2025.07.06"]
[Round "9.13"]
[White "Bara, Jan"]
[Black "Vysinsky, Otakar"]
[Result "0-1"]
[WhiteElo "1964"]
[BlackElo "2116"]
[PlyCount "52"]
[EventDate "2025.06.28"]
[EventType "swiss"]
[EventRounds "9"]
[EventCountry "CZE"]

1. c4 {[%emt 0:00:01]} e5 {[%emt 0:12:10]} 2. g3 {[%emt 0:00:11]} g6 {[%emt 0:01:19]} 3. Bg2 {[%emt 0:00:07]} Bg7 {[%emt 0:00:09]} 4. Nc3 {[%emt 0:00:16]} f5 {[%emt 0:01:53]} 5. e3 {[%emt 0:01:51]} Nc6 {[%emt 0:00:40]} 6. Nge2 {[%emt 0:00:32]} Nf6 {[%emt 0:00:25]} 7. O-O {[%emt 0:01:06]} O-O {[%emt 0:00:32]} 8. Rb1 {[%emt 0:01:48]} a5 {[%emt 0:03:28]} 9. a3 {[%emt 0:06:20]} d6 {[%emt 0:04:55]} 10. d4 {[%emt 0:01:16]} e4 {[%emt 0:01:42]} 11. Nf4 {[%emt 0:02:19]} Ne7 {[%emt 0:03:00]} 12. h4 {[%emt 0:10:32]} h6 {[%emt 0:00:44]} 13. d5 {[%emt 0:05:17]} Ng4 {[%emt 0:09:05]} 14. Nb5 {[%emt 0:05:33]} g5 {[%emt 0:05:53]} 15. hxg5 {[%emt 0:00:49]} hxg5 {[%emt 0:00:04]} 16. Ne2 {[%emt 0:00:28]} Ng6 {[%emt 0:10:17]} 17. b3 {[%emt 0:07:18]} Qe7 {[%emt 0:11:46]} 18. Qc2 {[%emt 0:10:49]} N6e5 {[%emt 0:03:35]} 19. Bb2 {[%emt 0:02:44]} Nf3+ {[%emt 0:20:56]} 20. Bxf3 {[%emt 0:07:55]} exf3 {[%emt 0:00:02]} 21. Ned4 {[%emt 0:00:54]} Bxd4 {[%emt 0:02:51]} 22. Nxd4 {[%emt 0:00:29]} Ne5 {[%emt 0:00:22]} 23. Ne6 {[%emt 0:04:07]} Bxe6 {[%emt 0:08:04]} 24. Bxe5 {[%emt 0:00:19]} Qh7 {[%emt 0:00:32]} 25. Qd1 {[%emt 0:00:39]} g4 {[%emt 0:00:11]} 26. Bc3 {[%emt 0:01:54]} Qh3 {[%emt 0:00:11]} 0-1

[Event "31st Klatovy A 2025"]
[Site "Klatovy CZE"]
[Date "2025.07.06"]
[Round "9.14"]
[White "Honcharov, Makar"]
[Black "Langmajer, Jan"]
[Result "0-1"]
[WhiteElo "2099"]
[BlackElo "1994"]
[PlyCount "62"]
[EventDate "2025.06.28"]
[EventType "swiss"]
[EventRounds "9"]
[EventCountry "CZE"]

1. e4 {[%emt 0:00:04]} c6 {[%emt 0:01:52]} 2. d4 {[%emt 0:00:19]} d5 {[%emt 0:00:04]} 3. e5 {[%emt 0:00:04]} c5 {[%emt 0:00:13]} 4. dxc5 {[%emt 0:00:05]} Nc6 {[%emt 0:00:13]} 5. Nf3 {[%emt 0:00:08]} Bg4 {[%emt 0:00:33]} 6. c3 {[%emt 0:00:06]} e6 {[%emt 0:00:17]} 7. Be3 {[%emt 0:00:10]} Nge7 {[%emt 0:01:24]} 8. Nbd2 {[%emt 0:07:54]} Nf5 {[%emt 0:06:03]} 9. Bb5 {[%emt 0:08:44]} Nxe3 {[%emt 0:04:49]} 10. fxe3 {[%emt 0:00:25]} Bxf3 {[%emt 0:01:10]} 11. Nxf3 {[%emt 0:10:48]} Bxc5 {[%emt 0:08:50]} 12. Bd3 {[%emt 0:04:42]} Bxe3 {[%emt 0:11:30]} 13. h4 {[%emt 0:05:18]} d4 {[%emt 0:11:18]} 14. Qe2 {[%emt 0:09:25]} Qa5 {[%emt 0:05:16]} 15. Kf1 {[%emt 0:01:04]} O-O-O {[%emt 0:06:29]} 16. Bb5 {[%emt 0:02:14]} Rhf8 {[%emt 0:35:26]} 17. a4 {[%emt 0:07:31]} f6 {[%emt 0:10:35]} 18. Qc4 {[%emt 0:02:38]} fxe5 {[%emt 0:02:45]} 19. Ke2 {[%emt 0:03:34]} Rd6 {[%emt 0:12:21]} 20. Qc5 {[%emt 0:20:25]} Qc7 {[%emt 0:00:51]} 21. Rhf1 {[%emt 0:09:44]} Rf6 {[%emt 0:06:12]} 22. Ng5 {[%emt 0:10:36]} Rd5 {[%emt 0:01:53]} 23. Qa3 {[%emt 0:07:42]} h6 {[%emt 0:01:35]} 24. Ne4 {[%emt 0:00:44]} Rf4 {[%emt 0:00:19]} 25. g3 {[%emt 0:07:14]} Rxe4 {[%emt 0:00:19]} 26. Rf8+ {[%emt 0:00:06]} Nd8 {[%emt 0:00:32]} 27. Kf3 {[%emt 0:00:12]} dxc3 {[%emt 0:00:47]} 28. Kxe4 {[%emt 0:01:47]} Bc5 {[%emt 0:00:14]} 29. Rxd8+ {[%emt 0:00:35]} Qxd8 {[%emt 0:00:38]} 30. Qxc3 {[%emt 0:00:13]} Rd4+ {[%emt 0:00:37]} 31. Kf3 {[%emt 0:00:10]} Qd5+ {[%emt 0:00:04]} 0-1

[Event "31st Klatovy A 2025"]
[Site "Klatovy CZE"]
[Date "2025.07.06"]
[Round "9.15"]
[White "Richter, Martin 1969"]
[Black "Stein, Michael 2009"]
[Result "0-1"]
[WhiteElo "1928"]
[BlackElo "2095"]
[PlyCount "54"]
[EventDate "2025.06.28"]
[EventType "swiss"]
[EventRounds "9"]
[EventCountry "CZE"]

1. e4 {[%emt 0:00:05]} e6 {[%emt 0:00:05]} 2. d4 {[%emt 0:00:08]} d5 {[%emt 0:00:07]} 3. Bd3 {[%emt 0:00:13]} c5 {[%emt 0:00:42]} 4. exd5 {[%emt 0:00:39]} exd5 {[%emt 0:00:07]} 5. Nf3 Nf6 {[%emt 0:02:15]} 6. Bg5 Be7 {[%emt 0:08:02]} 7. dxc5 O-O 8. O-O {[%emt 0:01:29]} Nc6 {[%emt 0:03:13]} 9. c3 {[%emt 0:00:32]} Bxc5 {[%emt 0:01:36]} 10. Nbd2 {[%emt 0:01:19]} h6 {[%emt 0:04:32]} 11. Bh4 {[%emt 0:00:29]} Bg4 {[%emt 0:07:33]} 12. h3 {[%emt 0:00:56]} Be6 {[%emt 0:04:37]} 13. Nb3 {[%emt 0:02:57]} Be7 {[%emt 0:10:17]} 14. Re1 {[%emt 0:02:31]} Nh5 {[%emt 0:08:42]} 15. Bxe7 {[%emt 0:02:30]} Qxe7 {[%emt 0:02:40]} 16. Qd2 {[%emt 0:25:20]} Qf6 {[%emt 0:05:46]} 17. Re3 {[%emt 0:04:02]} Nf4 {[%emt 0:06:16]} 18. Rae1 {[%emt 0:02:00]} Bf5 {[%emt 0:07:55]} 19. Bxf5 {[%emt 0:04:27]} Qxf5 {[%emt 0:00:09]} 20. Ne5 {[%emt 0:11:56]} Rad8 {[%emt 0:13:21]} 21. Nxc6 {[%emt 0:19:10]} bxc6 {[%emt 0:01:38]} 22. Rf3 {[%emt 0:06:07]} g5 {[%emt 0:00:32]} 23. g3 {[%emt 0:05:28]} Qxh3 {[%emt 0:02:38]} 24. Rxf4 {[%emt 0:03:34]} gxf4 {[%emt 0:00:51]} 25. Qxf4 {[%emt 0:00:10]} Rfe8 {[%emt 0:00:45]} 26. Rf1 {[%emt 0:00:16]} Re4 {[%emt 0:05:13]} 27. Qc1 {[%emt 0:00:28]} Re5 {[%emt 0:00:59]} 0-1

[Event "31st Klatovy A 2025"]
[Site "Klatovy CZE"]
[Date "2025.07.06"]
[Round "9.16"]
[White "Pycha, Patrik"]
[Black "Strnad, Jakub"]
[Result "1-0"]
[WhiteElo "2076"]
[BlackElo "1993"]
[PlyCount "79"]
[EventDate "2025.06.28"]
[EventType "swiss"]
[EventRounds "9"]
[EventCountry "CZE"]

1. e4 {[%emt 0:00:03]} e5 {[%emt 0:00:07]} 2. Nf3 {[%emt 0:00:02]} Nc6 {[%emt 0:00:06]} 3. d4 {[%emt 0:00:04]} exd4 {[%emt 0:00:12]} 4. Nxd4 {[%emt 0:00:12]} Bc5 {[%emt 0:00:15]} 5. Nb3 {[%emt 0:00:06]} Bb6 {[%emt 0:00:39]} 6. Qe2 {[%emt 0:00:06]} d6 {[%emt 0:00:47]} 7. Nc3 {[%emt 0:00:36]} Nge7 {[%emt 0:01:21]} 8. Be3 {[%emt 0:00:33]} O-O {[%emt 0:03:23]} 9. O-O-O {[%emt 0:00:37]} f5 {[%emt 0:02:48]} 10. f3 {[%emt 0:00:40]} Ne5 {[%emt 0:03:20]} 11. Bxb6 {[%emt 0:01:13]} axb6 {[%emt 0:01:00]} 12. f4 {[%emt 0:00:36]} N5g6 {[%emt 0:01:33]} 13. g3 {[%emt 0:02:45]} fxe4 {[%emt 0:13:22]} 14. Qxe4 {[%emt 0:00:33]} Bg4 {[%emt 0:00:52]} 15. Bc4+ {[%emt 0:08:22]} Kh8 {[%emt 0:04:52]} 16. Rd2 {[%emt 0:03:19]} Nc6 {[%emt 0:01:07]} 17. h3 {[%emt 0:03:20]} Bf5 {[%emt 0:10:58]} 18. Qf3 {[%emt 0:02:04]} Bd7 {[%emt 0:06:55]} 19. Qd1 {[%emt 0:02:29]} Na5 {[%emt 0:09:48]} 20. Nxa5 {[%emt 0:03:22]} Rxa5 {[%emt 0:00:19]} 21. h4 {[%emt 0:01:05]} Ne7 {[%emt 0:02:47]} 22. h5 {[%emt 0:09:20]} h6 {[%emt 0:01:45]} 23. Re1 {[%emt 0:07:15]} b5 {[%emt 0:02:15]} 24. Bb3 {[%emt 0:02:13]} b4 {[%emt 0:27:04]} 25. Nd5 {[%emt 0:01:36]} Nxd5 {[%emt 0:01:57]} 26. Rxd5 {[%emt 0:02:22]} Ra8 {[%emt 0:00:31]} 27. Rd4 {[%emt 0:01:06]} Ba4 {[%emt 0:03:17]} 28. Bc4 {[%emt 0:03:38]} Re8 {[%emt 0:06:22]} 29. Kb1 {[%emt 0:09:13]} Qf6 {[%emt 0:01:47]} 30. Rd2 {[%emt 0:07:45]} Qf5 {[%emt 0:02:10]} 31. Bd3 {[%emt 0:05:15]} Qa5 {[%emt 0:01:51]} 32. Rde2 {[%emt 0:01:32]} Rf8 {[%emt 0:03:47]} 33. Re7 {[%emt 0:04:32]} Be8 {[%emt 0:01:42]} 34. Bc4 {[%emt 0:01:47]} Bxh5 {[%emt 0:02:45]} 35. Qd4 {[%emt 0:01:41]} Bf7 {[%emt 0:01:22]} 36. Rxf7 {[%emt 0:06:03]} Rxf7 {[%emt 0:00:12]} 37. Bxf7 {[%emt 0:00:06]} b3 {[%emt 0:00:03]} 38. Qc3 {[%emt 0:00:56]} bxc2+ {[%emt 0:03:13]} 39. Kc1 {[%emt 0:01:23]} Qf5 {[%emt 0:00:37]} 40. Bb3 {[%emt 0:03:39]} 1-0

[Event "31st Klatovy A 2025"]
[Site "Klatovy CZE"]
[Date "2025.07.06"]
[Round "9.17"]
[White "Pokorny, Jiri 2007"]
[Black "Bartak, Josef"]
[Result "0-1"]
[WhiteElo "2122"]
[BlackElo "1953"]
[PlyCount "104"]
[EventDate "2025.06.28"]
[EventType "swiss"]
[EventRounds "9"]
[EventCountry "CZE"]

1. e4 {[%emt 0:00:03]} e5 {[%emt 0:10:31]} 2. Nf3 {[%emt 0:00:08]} Nc6 {[%emt 0:00:12]} 3. d4 {[%emt 0:00:44]} exd4 {[%emt 0:01:00]} 4. Bc4 {[%emt 0:00:09]} Nf6 {[%emt 0:00:12]} 5. e5 {[%emt 0:00:11]} d5 {[%emt 0:00:03]} 6. Bb5 {[%emt 0:00:09]} Ne4 {[%emt 0:00:09]} 7. Nxd4 {[%emt 0:00:17]} Bd7 {[%emt 0:00:05]} 8. Bxc6 {[%emt 0:00:15]} bxc6 {[%emt 0:00:05]} 9. O-O {[%emt 0:00:16]} Bc5 {[%emt 0:00:07]} 10. f3 {[%emt 0:00:14]} Ng5 {[%emt 0:00:07]} 11. Be3 {[%emt 0:00:19]} Bb6 {[%emt 0:05:24]} 12. f4 {[%emt 0:00:46]} Ne4 {[%emt 0:01:20]} 13. Nd2 {[%emt 0:01:13]} Nxd2 {[%emt 0:01:05]} 14. Qxd2 {[%emt 0:00:12]} c5 {[%emt 0:09:41]} 15. Nb3 {[%emt 0:04:41]} d4 {[%emt 0:00:27]} 16. Bf2 {[%emt 0:00:16]} Bc6 {[%emt 0:00:56]} 17. c4 {[%emt 0:16:57]} Qd7 {[%emt 0:07:56]} 18. Qd3 {[%emt 0:07:40]} Qg4 {[%emt 0:02:26]} 19. Bg3 {[%emt 0:03:04]} O-O {[%emt 0:15:00]} 20. h3 {[%emt 0:15:52]} Qh5 {[%emt 0:06:54]} 21. a4 {[%emt 0:04:12]} a5 {[%emt 0:00:38]} 22. f5 {[%emt 0:03:46]} f6 {[%emt 0:06:09]} 23. e6 {[%emt 0:05:26]} g6 {[%emt 0:03:58]} 24. Nd2 {[%emt 0:05:37]} Rae8 {[%emt 0:04:12]} 25. Rae1 {[%emt 0:08:29]} Re7 {[%emt 0:07:02]} 26. Rf4 {[%emt 0:11:19]} gxf5 {[%emt 0:04:23]} 27. Qxf5 {[%emt 0:02:32]} Qxf5 {[%emt 0:02:00]} 28. Rxf5 {[%emt 0:00:08]} Bxa4 {[%emt 0:03:08]} 29. Bh4 {[%emt 0:02:37]} Kg7 {[%emt 0:02:46]} 30. Re4 {[%emt 0:05:24]} Be8 {[%emt 0:02:26]} 31. Rf3 {[%emt 0:08:55]} Bg6 {[%emt 0:06:19]} 32. Re1 {[%emt 0:00:26]} a4 {[%emt 0:04:45]} 33. Rf2 {[%emt 0:16:56]} Ba5 {[%emt 0:02:16]} 34. Ra1 {[%emt 0:03:39]} Bc2 {[%emt 0:08:11]} 35. Rc1 {[%emt 0:01:39]} Bd3 {[%emt 0:03:29]} 36. Ra1 {[%emt 0:00:59]} Rxe6 {[%emt 0:00:22]} 37. Rxa4 {[%emt 0:00:23]} Bb4 {[%emt 0:00:47]} 38. Ra7 {[%emt 0:00:57]} Rf7 {[%emt 0:00:38]} 39. b3 {[%emt 0:01:03]} Bc2 {[%emt 0:04:29]} 40. Ra1 {[%emt 0:01:38]} Re3 {[%emt 0:02:07]} 41. Raf1 {[%emt 0:00:43]} f5 {[%emt 0:01:04]} 42. Bg5 {[%emt 0:00:23]} Rc3 {[%emt 0:01:47]} 43. Nf3 {[%emt 0:00:26]} Bxb3 {[%emt 0:01:27]} 44. Ne5 {[%emt 0:00:50]} Bxc4 {[%emt 0:00:58]} 45. Rxf5 {[%emt 0:00:41]} Rxf5 {[%emt 0:00:13]} 46. Rxf5 {[%emt 0:00:05]} h6 {[%emt 0:02:24]} 47. Bf6+ {[%emt 0:00:44]} Kh7 {[%emt 0:00:38]} 48. g4 {[%emt 0:00:21]} Bd3 {[%emt 0:00:45]} 49. Rf3 {[%emt 0:00:33]} Bg6 {[%emt 0:00:27]} 50. Rf1 {[%emt 0:00:27]} Rxh3 {[%emt 0:00:30]} 51. Nc4 {[%emt 0:00:51]} Bd3 {[%emt 0:00:44]} 52. Rf2 {[%emt 0:00:30]} Bxc4 {[%emt 0:00:15]} 0-1

[Event "31st Klatovy A 2025"]
[Site "Klatovy CZE"]
[Date "2025.07.06"]
[Round "9.18"]
[White "Krivka, Matej"]
[Black "Bobrakov Timoskin, Alexandr 1978"]
[Result "1-0"]
[WhiteElo "2000"]
[BlackElo "1868"]
[PlyCount "57"]
[EventDate "2025.06.28"]
[EventType "swiss"]
[EventRounds "9"]
[EventCountry "CZE"]

1. e4 {[%emt 0:00:03]} c5 {[%emt 0:00:04]} 2. Nc3 {[%emt 0:00:05]} Nc6 {[%emt 0:00:20]} 3. Bb5 {[%emt 0:00:07]} Nd4 {[%emt 0:00:43]} 4. Nf3 {[%emt 0:00:18]} Nxb5 {[%emt 0:00:22]} 5. Nxb5 {[%emt 0:00:07]} a6 {[%emt 0:00:15]} 6. Nc3 {[%emt 0:00:09]} b5 {[%emt 0:01:02]} 7. O-O {[%emt 0:03:05]} Bb7 {[%emt 0:02:38]} 8. d3 {[%emt 0:03:19]} e6 {[%emt 0:00:56]} 9. a4 {[%emt 0:04:10]} b4 {[%emt 0:10:33]} 10. Ne2 {[%emt 0:00:53]} a5 {[%emt 0:00:24]} 11. b3 {[%emt 0:03:00]} Nf6 {[%emt 0:05:46]} 12. Ng3 {[%emt 0:07:07]} Be7 {[%emt 0:02:59]} 13. Bb2 {[%emt 0:03:27]} O-O {[%emt 0:03:25]} 14. Nd2 {[%emt 0:03:35]} d5 {[%emt 0:03:23]} 15. e5 {[%emt 0:01:02]} Nd7 {[%emt 0:00:10]} 16. Qg4 {[%emt 0:01:34]} d4 {[%emt 0:08:19]} 17. Rae1 {[%emt 0:03:06]} Nb6 {[%emt 0:07:28]} 18. Nde4 {[%emt 0:02:34]} Kh8 {[%emt 0:07:46]} 19. f4 {[%emt 0:08:36]} Nd5 {[%emt 0:02:59]} 20. Bc1 {[%emt 0:06:12]} Qb6 {[%emt 0:18:24]} 21. Ng5 {[%emt 0:07:48]} Qc6 {[%emt 0:09:45]} 22. N3e4 {[%emt 0:03:25]} Nc3 {[%emt 0:13:04]} 23. Rf3 {[%emt 0:06:48]} Nxe4 {[%emt 0:00:34]} 24. dxe4 {[%emt 0:00:47]} h6 {[%emt 0:07:34]} 25. f5 {[%emt 0:04:33]} exf5 {[%emt 0:02:15]} 26. exf5 {[%emt 0:11:47]} Bxg5 {[%emt 0:02:59]} 27. Bxg5 {[%emt 0:00:59]} hxg5 {[%emt 0:03:57]} 28. f6 {[%emt 0:03:06]} g6 {[%emt 0:09:30]} 29. Qh3+ {[%emt 0:01:09]} 1-0

[Event "31st Klatovy A 2025"]
[Site "Klatovy CZE"]
[Date "2025.07.06"]
[Round "9.19"]
[White "Pick, Stepan"]
[Black "Petrasek, Jiri"]
[Result "1/2-1/2"]
[WhiteElo "1949"]
[BlackElo "1919"]
[PlyCount "43"]
[EventDate "2025.06.28"]
[EventType "swiss"]
[EventRounds "9"]
[EventCountry "CZE"]

1. c4 e5 2. Nc3 Nc6 3. g3 g6 4. Bg2 Bg7 5. d3 d6 6. e4 Nge7 7. Nge2 O-O 8. O-O f5 9. exf5 Nxf5 10. Rb1 Nfd4 11. Nxd4 Nxd4 12. Ne4 Bf5 13. Be3 Qd7 14. Bxd4 exd4 15. Qb3 c6 16. Rbe1 Bxe4 17. Rxe4 Rae8 18. Rfe1 Rxe4 19. Bxe4 Rf7 20. Kg2 Bh6 21. Qd1 Re7 22. Bf3 1/2-1/2

[Event "31st Klatovy A 2025"]
[Site "Klatovy CZE"]
[Date "2025.07.06"]
[Round "9.20"]
[White "Mrazik, Marek"]
[Black "Svadlenka, Michal"]
[Result "1-0"]
[WhiteElo "1854"]
[BlackElo "1932"]
[PlyCount "57"]
[EventDate "2025.06.28"]
[EventType "swiss"]
[EventRounds "9"]
[EventCountry "CZE"]

1. e4 c5 2. Nf3 d6 3. d4 cxd4 4. Nxd4 Nf6 5. Nc3 g6 6. Be3 Bg7 7. Bc4 O-O 8. f3 Nc6 9. Qd2 Bd7 10. O-O-O Rc8 11. Nxc6 Rxc6 12. Bb3 Qb8 13. Bh6 b5 14. h4 a5 15. h5 e6 16. hxg6 fxg6 17. Bxg7 Kxg7 18. Qh6+ Kf7 19. e5 dxe5 20. Ne4 Rc7 21. Nxf6 Kxf6 22. Qh4+ Kf7 23. Qxh7+ Ke8 24. Qxg6+ Kd8 25. Bxe6 Qa7 26. Bxd7 Qe3+ 27. Kb1 Qe2 28. Bf5+ Ke7 29. Qe6# 1-0

[Event "31st Klatovy A 2025"]
[Site "Klatovy CZE"]
[Date "2025.07.06"]
[Round "9.21"]
[White "Kocman, Patrik"]
[Black "Lieber, Lukas"]
[Result "1-0"]
[WhiteElo "1836"]
[BlackElo "1925"]
[PlyCount "59"]
[EventDate "2025.06.28"]
[EventType "swiss"]
[EventRounds "9"]
[EventCountry "CZE"]

1. e4 e6 2. d4 d5 3. e5 c5 4. c3 Qb6 5. Nf3 Bd7 6. Be2 Bb5 7. O-O Bxe2 8. Qxe2 cxd4 9. cxd4 Nc6 10. Be3 Nge7 11. Nc3 Nf5 12. Rfd1 Nxe3 13. fxe3 O-O-O 14. Rdc1 Kb8 15. Na4 Qa5 16. Nc5 Be7 17. a3 Rc8 18. b4 Qc7 19. b5 Na5 20. Na6+ bxa6 21. Rxc7 Rxc7 22. bxa6 Nc4 23. Ne1 Ka8 24. e4 Bxa3 25. exd5 Bb2 26. d6 Bxd4+ 27. Kh1 Rc5 28. Rd1 Rxe5 29. Qxc4 Bc5 30. Qb5 1-0

[Event "31st Klatovy A 2025"]
[Site "Klatovy CZE"]
[Date "2025.07.06"]
[Round "9.22"]
[White "Hurtak, Otto"]
[Black "Slansky, Jachym"]
[Result "1-0"]
[WhiteElo "1931"]
[BlackElo "1878"]
[PlyCount "70"]
[EventDate "2025.06.28"]
[EventType "swiss"]
[EventRounds "9"]
[EventCountry "CZE"]

1. c4 e5 2. Nc3 Nf6 3. g3 d5 4. cxd5 Nxd5 5. Bg2 Nb6 6. e3 Nc6 7. Nge2 Be6 8. O-O Rb8 9. d4 Bc4 10. b3 Bxe2 11. Qxe2 Bd6 12. Bb2 O-O 13. Nb5 exd4 14. Bxc6 bxc6 15. Nxd4 Qd7 16. Rfd1 Nd5 17. Rac1 Rb6 18. Nxc6 Rxc6 19. Rxd5 Rxc1+ 20. Bxc1 Qe6 21. Ra5 Qg6 22. Rxa7 h5 23. Ra5 Be7 24. Bb2 f5 25. Ra6 Bd6 26. Be5 f4 27. Bxf4 h4 28. Bxd6 cxd6 29. Qc4+ Kh8 30. Qxh4+ Kg8 31. Ra5 Qb1+ 32. Kg2 Qg6 33. g4 d5 34. Rxd5 Qf7 35. Rh5 Qxf2+ 1-0

[Event "31st Klatovy A 2025"]
[Site "Klatovy CZE"]
[Date "2025.07.06"]
[Round "9.23"]
[White "Bubela, Alexander Georg"]
[Black "Sadil, Antonin"]
[Result "1/2-1/2"]
[WhiteElo "1806"]
[BlackElo "1907"]
[PlyCount "80"]
[EventDate "2025.06.28"]
[EventType "swiss"]
[EventRounds "9"]
[EventCountry "CZE"]

1. d4 Nf6 2. c4 g6 3. Nf3 Bg7 4. g3 O-O 5. Bg2 d5 6. cxd5 Nxd5 7. e4 Nb6 8. Nc3 Nc6 9. d5 Na5 10. O-O c6 11. dxc6 Nxc6 12. Qe2 Bg4 13. Be3 Bxc3 14. bxc3 Ne5 15. Bd4 Qc7 16. Rac1 Nbc4 17. Rfd1 Rfd8 18. h3 Nxf3+ 19. Bxf3 Bxf3 20. Qxf3 e5 21. Be3 Nxe3 22. Qxe3 Qc4 23. Rxd8+ Rxd8 24. Qxa7 Qxe4 25. Qe3 Qf5 26. Re1 Qxh3 27. Qxe5 Qd7 28. Qe7 Qd2 29. Re3 Qd1+ 30. Kg2 Qd5+ 31. Kg1 Qa5 32. Kg2 Qd5+ 33. Kg1 Ra8 34. a3 Qb3 35. Qb4 Qd1+ 36. Kg2 Qd5+ 37. Kg1 Rd8 38. c4 Qc6 39. Re1 Qf3 40. a4 h5 1/2-1/2

[Event "31st Klatovy A 2025"]
[Site "Klatovy CZE"]
[Date "2025.07.06"]
[Round "9.24"]
[White "Slivova, Linda"]
[Black "Gernert, Tomas"]
[Result "0-1"]
[WhiteElo "1862"]
[BlackElo "1794"]
[PlyCount "98"]
[EventDate "2025.06.28"]
[EventType "swiss"]
[EventRounds "9"]
[EventCountry "CZE"]

1. e4 c5 2. Nc3 Nc6 3. g3 g6 4. Bg2 Bg7 5. d3 e5 6. Nh3 d6 7. f4 Nh6 8. Nf2 O-O 9. O-O f5 10. Nd5 Ng4 11. Nxg4 fxg4 12. c3 h5 13. Be3 b6 14. Qd2 Be6 15. fxe5 Bxd5 16. exd5 Nxe5 17. Rxf8+ Qxf8 18. Rf1 Qe8 19. Be4 Nc4 20. dxc4 Qxe4 21. b3 Re8 22. Re1 Bh6 23. Bxh6 Qxe1+ 24. Qxe1 Rxe1+ 25. Kf2 Ra1 26. Bf4 Rxa2+ 27. Ke3 Ra3 28. Kd3 Rxb3 29. Bc1 Rb1 30. Kc2 Rxc1+ 31. Kxc1 g5 32. Kd2 h4 33. Kd3 Kf7 34. Kc2 Kf6 35. Kb3 Ke5 36. Ka4 Ke4 37. Kb5 a5 38. Kc6 a4 39. Kxd6 a3 40. Kc7 a2 41. d6 a1=Q 42. d7 Qa7+ 43. Kc8 Kf3 44. d8=Q Qa8+ 45. Kc7 Qxd8+ 46. Kxd8 hxg3 47. hxg3 Kxg3 48. Kc7 Kf4 49. Kxb6 g3 0-1

[Event "31st Klatovy A 2025"]
[Site "Klatovy CZE"]
[Date "2025.07.06"]
[Round "9.25"]
[White "Rezac, Jindrich"]
[Black "Martinkovic, Adam"]
[Result "1/2-1/2"]
[WhiteElo "1849"]
[BlackElo "1921"]
[PlyCount "38"]
[EventDate "2025.06.28"]
[EventType "swiss"]
[EventRounds "9"]
[EventCountry "CZE"]

1. c4 Nf6 2. d4 g6 3. Nc3 Bg7 4. e4 d6 5. Nf3 O-O 6. Be2 e5 7. O-O Nc6 8. dxe5 dxe5 9. Qxd8 Nxd8 10. Be3 Ne6 11. h3 Nh5 12. Rfd1 Nhf4 13. Bf1 c6 14. g3 Nh5 15. Rd6 Re8 16. Rad1 Bf8 17. R6d2 f6 18. Kh2 Nhg7 19. a3 Bc5 1/2-1/2

[Event "31st Klatovy A 2025"]
[Site "Klatovy CZE"]
[Date "2025.07.06"]
[Round "9.26"]
[White "Hrckova, Anna"]
[Black "Hronik, Petr 1980"]
[Result "0-1"]
[WhiteElo "1728"]
[BlackElo "1905"]
[PlyCount "84"]
[EventDate "2025.06.28"]
[EventType "swiss"]
[EventRounds "9"]
[EventCountry "CZE"]

1. e4 d5 2. exd5 Nf6 3. Nf3 Bg4 4. Be2 Qxd5 5. Nc3 Qh5 6. h3 Nc6 7. O-O Bxf3 8. Bxf3 Qc5 9. d4 Nxd4 10. Bxb7 Rb8 11. Bf3 e5 12. Re1 Be7 13. Be3 Rd8 14. Rc1 O-O 15. Rb1 Rfe8 16. Bg5 e4 17. Nxe4 Nxe4 18. Bxe7 Nxf3+ 19. Qxf3 Qxe7 20. Qe3 Qc5 21. Qf4 g5 22. Qe3 Qxe3 23. Rxe3 Nd2 24. Rxe8+ Rxe8 25. Rd1 Re2 26. f3 f5 27. b3 Kf7 28. c4 Ke6 29. Rc1 c5 30. Rc3 Nb1 31. Rd3 Rxa2 32. Re3+ Kf6 33. Rd3 Rd2 34. Re3 Rd8 35. Re1 Nc3 36. Ra1 Rd1+ 37. Rxd1 Nxd1 38. Kf1 Ne3+ 39. Kf2 f4 40. g4 Ke5 41. Ke2 Kd4 42. Kd2 Ng2 0-1

[Event "31st Klatovy A 2025"]
[Site "Klatovy CZE"]
[Date "2025.07.06"]
[Round "9.27"]
[White "Paldus, Jan"]
[Black "Mojzisova, Barbora"]
[Result "1/2-1/2"]
[WhiteElo "1761"]
[BlackElo "1757"]
[PlyCount "114"]
[EventDate "2025.06.28"]
[EventType "swiss"]
[EventRounds "9"]
[EventCountry "CZE"]

1. e4 c6 2. d4 d5 3. Nc3 dxe4 4. Nxe4 Nf6 5. Nxf6+ exf6 6. c3 Bd6 7. Bd3 Nd7 8. Qc2 Nf8 9. Nf3 Ng6 10. Be3 O-O 11. O-O Re8 12. h4 Qc7 13. h5 Nf8 14. Bf5 Bf4 15. Rfe1 Bxe3 16. Rxe3 Rxe3 17. fxe3 Qa5 18. e4 Bxf5 19. exf5 Re8 20. a4 Nd7 21. b4 Qd5 22. Re1 Rxe1+ 23. Nxe1 Nb6 24. Nf3 Nc4 25. Kf2 Kf8 26. a5 a6 27. g4 Na3 28. Qc1 Nc4 29. Qf4 Qd7 30. h6 Nd6 31. hxg7+ Kxg7 32. g5 Nxf5 33. gxf6+ Kxf6 34. Qe5+ Kg6 35. Qe4 Qd5 36. Ne5+ Kf6 37. Qf4 Ke6 38. Qg4 Qa2+ 39. Kf3 Qc2 40. Nxf7 Kxf7 41. Kf4 Qf2+ 42. Ke5 Ne7 43. Qh5+ Ng6+ 44. Kd6 Qf4+ 45. Kc5 Kg7 46. Kb6 Qf7 47. Qg4 Qc4 48. Kxb7 Qxc3 49. Qd7+ Kg8 50. Qxc6 Qxb4+ 51. Qb6 Qc4 52. Qc5 Qd3 53. d5 h5 54. d6 Nf8 55. Qg5+ Ng6 56. Qd8+ Nf8 57. Qg5+ Ng6 1/2-1/2

[Event "31st Klatovy A 2025"]
[Site "Klatovy CZE"]
[Date "2025.07.06"]
[Round "9.28"]
[White "Chmelik, Ladislav"]
[Black "Vo, Daniel"]
[Result "0-1"]
[WhiteElo "1816"]
[BlackElo "1834"]
[PlyCount "134"]
[EventDate "2025.06.28"]
[EventType "swiss"]
[EventRounds "9"]
[EventCountry "CZE"]

1. d4 d5 2. Nf3 Nf6 3. Bf4 c5 4. c3 Nc6 5. e3 g6 6. Nbd2 Bg7 7. dxc5 O-O 8. Bb5 Nd7 9. Nb3 a6 10. Be2 Nf6 11. h3 Re8 12. Ne5 Ne4 13. Nxc6 bxc6 14. O-O e5 15. Bh2 Qe7 16. Bf3 Nxc5 17. Nxc5 Qxc5 18. e4 Be6 19. Qd2 Rad8 20. exd5 cxd5 21. Rfe1 e4 22. Bd1 d4 23. cxd4 Rxd4 24. Qe3 f5 25. Ba4 Red8 26. Rac1 Qf8 27. Bb3 Qf6 28. Rc6 Re8 29. Bxe6+ Rxe6 30. Qb3 Kf7 31. Qb7+ Kf8 32. Rc8+ Rd8 33. Rec1 Ree8 34. R8c2 Qd4 35. Bf4 Qf6 36. b3 Re7 37. Rc7 Rde8 38. Kh2 Rxc7 39. Rxc7 Re7 40. Qb4 Kf7 41. Qc4+ Qe6 42. Qxe6+ Kxe6 43. Rc6+ Kd5 44. Rd6+ Kc5 45. Rxa6 Rd7 46. Be3+ Kb4 47. Rc6 Be5+ 48. g3 Ka3 49. Rc2 Kb4 50. Kg2 Rc7 51. Re2 Ka3 52. Bb6 Rc6 53. Bd8 Kb4 54. Be7+ Kc3 55. Ba3 Kd3 56. Re3+ Kd2 57. Bb4+ Kd1 58. Kf1 Ra6 59. a3 Kc2 60. g4 Bd4 61. Rg3 f4 62. Rg1 Kxb3 63. Ke2 f3+ 64. Ke1 Rc6 65. Rg3 Be5 66. Kd2 Bxg3 67. fxg3 Rc2+ 0-1